Fallout - Factions by Symbol - Statistics

General Stats
  • This quiz has been taken 1,602 times
  • The average score is 13 of 32
Answer Stats
Picture Hint Answer % Correct
Pan-American The Brotherhood of Steel
98%
Pan-American Vault-Tec
95%
Western U.S. The New California Republic
94%
Pan-American The Enclave
91%
Western U.S. Caesar's Legion
86%
The Commonwealth The Minutemen
80%
Eastern U.S. The Institute
75%
Eastern U.S. The Railroad
70%
The Mojave The Great Khans
63%
New Vegas The Kings
52%
The Commonwealth The Gunners
50%
The Commonwealth Atom Cats
45%
Western U.S. The Followers of the Apocalypse
45%
Eastern U.S. The Church of the Children of Atom
40%
The Commonwealth Diamond City
39%
The Mojave The Fiends
32%
Nuka-World The Pack
30%
Zion Canyon The White Legs
30%
Nuka-World The Disciples
26%
Nuka-World The Operators
25%
Appalachia The Cult of the Mothman
24%
Appalachia The Responders
22%
Zion Canyon The Dead Horses
17%
Zion Canyon The Sorrows
17%
Appalachia Crater Raiders
12%
Appalachia Blood Eagles
10%
Appalachia Foundation Settlers
10%
Appalachia Hellcat Company
8%
Appalachia The Free States
8%
Capital Wasteland Reilly's Rangers
7%
Appalachia Blue Ridge Caravan Company
5%
Atlantic City The Showmen
2%
No matching quizzes found
Score Distribution
Percent of People with Each Score
Percentile by Number Answered
Your Score History
You have not taken this quiz